000 00447 a2200157 4500
999 _c4052
_d4052
020 _a9780140274233
050 _aPR6011 FOR 1936
100 _aForster, E. M.
_eauthor
245 _aA passage to India/
_cE. M. Forster
264 _aLondon
_bPenguin Books
_c1936
300 _a287p. :
500 _aRobert Aickman Collection
650 _aBritish -- India -- Fiction
_xRace relations -- Fiction
651 _aIndia
942 _2lcc
_cBK
_h6011
_iFOR
_kPR